| 000 | 00545nam a2200205 a 4500 | ||
|---|---|---|---|
| 001 | BRCA_3977 | ||
| 005 | 20190320204511.0 | ||
| 008 | 140110s1956----gw-a######---#000-0#ger-# | ||
| 041 | _ager | ||
| 044 | _agw | ||
| 050 | 4 |
_aPT1359 _b.H37 1956 |
|
| 100 | 1 |
_aHarms-Kutusov, Emil _910339 |
|
| 245 | 1 | 0 |
_aWer Schüttelreimt _bhat mehr vom Leben _cvon Emil Harms-Kutusov. |
| 260 |
_aFrankfurt, Alemania _bF. Knapp _c1956 |
||
| 300 |
_a72 p. _bil. _c18 cm. |
||
| 500 | _aCDE54 | ||
| 650 | 1 | 4 |
_aHumorismo alemán _96123 |
| 902 | _aGFM | ||
| 942 |
_2lcc _cB |
||
| 999 |
_c3703 _d3703 |
||